00728nam a2200193 a 4500008004100000020001500041050001500056100003000071245007200101260004000173300001600213350000900229650001400238650000800252650001700260995010900277999001700386952013100403090114s2001 ||||||||||||||||| || u a0131195719 aN 7380 His aVisonà€, Monica Blackmun12aA history of art in AfricacMonica Blackmun Visonà€...[and others] aLondonbPearson Prentice Hallc2001 a544p.: ill. a0.00 aTEXTBOOKS aART aART, AFRICAN D0.00FCBU-MAIN LIBRARY (Kitwe)H1I0.00M1UAVAILABLEWFeb 12, 2009ZMain Library Open Access Collection c45583d45583 00102lcc4070a001b001cMain Library Open Access Collectiond2022-11-30l0oN 7380 Hisp739395r2022-11-30w2022-11-30y002